LEADER 03804nam 2200781 a 450 001 9910959862403321 005 20251116210010.0 010 $a9786612627996 010 $a9781282627994 010 $a1282627996 010 $a9781845459413 010 $a1845459415 024 7 $a10.1515/9781845459413 035 $a(CKB)2560000000012083 035 $a(EBL)544299 035 $a(OCoLC)645100606 035 $a(SSID)ssj0000456971 035 $a(PQKBManifestationID)11329031 035 $a(PQKBTitleCode)TC0000456971 035 $a(PQKBWorkID)10414870 035 $a(PQKB)10650288 035 $a(MiAaPQ)EBC544299 035 $a(DE-B1597)637147 035 $a(DE-B1597)9781845459413 035 $a(Perlego)540709 035 $a(iGPub)BERGHAHNB0000725 035 $a(EXLCZ)992560000000012083 100 $a20090330d2009 uy 0 101 0 $aeng 135 $aur|n||||||||| 181 $ctxt 182 $cc 183 $acr 200 00$aAssisting reproduction, testing genes $eglobal encounters with new biotechnologies /$fedited by Daphna Birenbaum-Carmeli and Marcia C. Inhorn 205 $a1st ed. 210 $aNew York $cBerghahn Books$d2009 215 $a1 online resource (303 p.) 225 1 $aFertility, reproduction, and sexuality ;$vv. 18 300 $aDescription based upon print version of record. 311 08$a9781845456252 311 08$a1845456254 320 $aIncludes bibliographical references and index. 327 $aTitle page-Assisting Reproduction, Testing Genes; Contents; Introduction; Part I-Families and Beyond: Reproductive Technologies and New Social Orders; Chapter 1-East in West?; Chapter 2-Cultural Meanings of Assisted Reproductive Technologies; Chapter 3-Middle Eastern Masculinities in the Age of Assisted Reproductive Technologies; Part II-Couples and Others: Assisting Reproduction with Third Parties; Chapter 4-The Traffic Between Women; Chapter 5-Law, Ethics, and Donor Technologies in Shia Iran; Chapter 6-Inappropriate Relations; Chapter 7-Contested Surrogacy and The Gender Order 327 $aPart III-Testing Genes and Using Gells: Encounters with Advanced Genetic TechnologiesChapter 8-The Genesis of Embryos and Ethics in Vitro; Chapter 9-Assisted Life; Chapter 10-Doubt is the Mother of All Invention; Contributors; Index 330 $aFollowing the routinization of assisted reproduction in the industrialized world, technologies such as in vitro fertilization, preimplantation genetic diagnosis, and DNA-based paternity testing have traveled globally and are now being offered to couples in numerous non-Western countries. This volume explores the application and impact of these advanced reproductive and genetic technologies in societies across the globe. By highlighting both the cross-cultural similarities and diverse meanings that technologies may assume as they enter multiple contexts, the book aims to foster understanding 410 0$aFertility, reproduction, and sexuality ;$vv. 18. 606 $aHuman reproductive technology 606 $aBiotechnology 606 $aHuman genetics 606 $aFertilization in vitro, Human 606 $aHuman embryo$xTransplantation 606 $aSurrogate motherhood 615 0$aHuman reproductive technology. 615 0$aBiotechnology. 615 0$aHuman genetics. 615 0$aFertilization in vitro, Human. 615 0$aHuman embryo$xTransplantation. 615 0$aSurrogate motherhood. 676 $a618.1/7806 701 $aBirenbaum-Carmeli$b Daphna$01896650 701 $aInhorn$b Marcia C.$f1957-$01118466 801 0$bMiAaPQ 801 1$bMiAaPQ 801 2$bMiAaPQ 906 $aBOOK 912 $a9910959862403321 996 $aAssisting reproduction, testing genes$94559194 997 $aUNINA